[Event "1st League CS 2011"]
[Site "Kraljevo"]
[Date "2011.09.17"]
[Round "1.6"]
[White "Civric, Zdravko"]
[Black "Martinovic, Slobodan"]
[Result "0-1"]
[WhiteElo "2203"]
[BlackElo "2436"]
[PlyCount "94"]
[EventDate "2011.09.17"]

1. e4 c5 2. Nf3 d6 3. d4 cxd4 4. Nxd4 Nf6 5. Nc3 Nc6 6. Be2 e6 7. Be3 Be7 8. g4
d5 9. Nxc6 bxc6 10. e5 Nd7 11. f4 c5 12. Bf2 Bb7 13. Bf3 g5 14. Qe2 gxf4 15.
O-O-O Qb6 16. Rhe1 Rb8 17. b3 O-O 18. Nb1 Qa5 19. Bg2 Qxa2 20. Nc3 Qa3+ 21. Kd2
Qb4 22. Qb5 Qxb5 23. Nxb5 d4 24. Bxb7 Rxb7 25. Na3 Nb6 26. Ra1 Nd5 27. Nc4 Kh8
28. h4 Rg8 29. g5 h6 30. Nd6 Bxd6 31. exd6 hxg5 32. Ra5 Rd7 33. Rxc5 Rxd6 34.
Bxd4+ Kh7 35. hxg5 Rxg5 36. Ke2 Kg6 37. Kf2 a6 38. c4 Nb4 39. Rxg5+ Kxg5 40.
Re4 f5 41. Be5 Rd2+ 42. Ke1 fxe4 43. Kxd2 e3+ 44. Ke2 Kf5 45. Bd6 Nc6 46. b4
Ke4 47. Bc5 f3+ 0-1